000 00688nam a2200241Ia 4500
005 20260430150650.0
008 008 250103s9999 xx 000 0 eng d
037 _aTheses
040 _aCRL
040 _beng
040 _ceng
041 _2eng
041 _aeng
084 _qCRL
100 _aS. Hamsa Au.; Jagreet Kaur Gu.
_91238151
245 0 _aExploring the Key Defense Components of Arabidopsis-Alternaria Brassicae Interaction using Genetic and Transcriptomic Studies
260 _c2023
300 _a160p.
650 _aChemistry
700 _aUniversity of Delhi. Faculty of Science. Deptt. of Chemistry
_91236464
942 _cTH
999 _c1850340
_d1850340